Đánh mà thắng địch là giỏi, không đánh mà thắng địch càng giỏi hơn

Spremljeno u:
Bibliografski detalji
Format: Knjiga
Jezik:Undetermined
Izdano: Tp.HCM Trẻ 2001
Oznake: Dodaj oznaku
Bez oznaka, Budi prvi tko označuje ovaj zapis!
Thư viện lưu trữ: Trung tâm Học liệu Trường Đại học Cần Thơ
LEADER 00415nam a2200133Ia 4500
001 CTU_46508
008 210402s9999 xx 000 0 und d
082 |a 355.001 
082 |b Đ107 
245 0 |a Đánh mà thắng địch là giỏi, không đánh mà thắng địch càng giỏi hơn 
260 |a Tp.HCM 
260 |b Trẻ 
260 |c 2001 
980 |a Trung tâm Học liệu Trường Đại học Cần Thơ